Los Altos de Jalisco : panorama histórico de una región y su sociedad hasta 1821 /

Sparad:
Bibliografiska uppgifter
Huvudupphov: Gutiérrez Gutiérrez, José Antonio (autor)
Materialtyp: Bok
Språk:spanska
Utgiven: México : CONACULTA, 1991, c1991
Taggar: Lägg till en tagg
Inga taggar, Lägg till första taggen!

MARC

LEADER 00000nam^a2200000^a^4500
001 000629745
005 20260407000000.0
009 20260408133316.578
020 |a 968-29-2836-2 
037 |a Acervo ITESO - Biblioteca 
041 |a ESP 
091 |a FOB. 04314 
100 |a Gutiérrez Gutiérrez, José Antonio  |e (autor) 
245 1 4 |a Los Altos de Jalisco :  |b panorama histórico de una región y su sociedad hasta 1821 / 
264 4 |a México :  |b CONACULTA,  |c 1991, c1991 
300 |a 549 p. 
336 |a texto  |b txt  |2 rdacontenido 
337 |a sin mediación  |b n  |2 rdamedio 
338 |a volumen  |b nc  |2 rdasoporte 
649 |a XX 
910 |a Fondo Carlos de Obeso Orendain 
920 |a Impresos - Libros 
930 |a Fondos Especiales 
905 |a 147 
901 |a 629745-10  |b IT2  |c ESP  |i D  |u 20260407 
902 |a https://opac.biblio.iteso.mx/vufind/Record/000629745